[Event "Copenhagen Challenge"]
[Site "Ballerup"]
[Date "2015.04.30"]
[Round "2"]
[White "Ahlander, Bjorn"]
[Black "Nielsen, Lars Aaes"]
[Result "1-0"]
[WhiteElo "2380"]
[BlackElo "2230"]
[PlyCount "45"]
[EventDate "2015.04.29"]
[EventType "swiss"]
[EventRounds "9"]
[EventCountry "DEN"]
[SourceTitle "CBM 166 Extra"]
[Source "ChessBase"]
[SourceDate "2015.06.18"]
[SourceVersion "1"]
[SourceVersionDate "2015.06.18"]
[SourceQuality "1"]

1. e4 e6 2. d4 d5 3. Nd2 Be7 4. Ngf3 Nf6 5. Bd3 dxe4 6. Nxe4 Nbd7 7. 0-0 0-0 8. Qe2 b6 9. Nxf6+ Nxf6 10. Bg5 Bb7 11. Rad1 h6 12. Bc1 Qd5 13. Bf4 Bd6 14. Be5 Rfd8 15. c4 Qa5 16. Bxf6 gxf6 17. d5 exd5 18. Nd4 dxc4 19. Nf5 cxd3 20. Qg4+ Kf8 21. Rfe1 Be5 22. Qg7+ Ke8 23. Qxf6 1-0

[Event "Copenhagen Challenge"]
[Site "Ballerup"]
[Date "2015.04.30"]
[Round "3"]
[White "Nielsen, Lars Aaes"]
[Black "Karlsson, Ulf"]
[Result "1/2-1/2"]
[WhiteElo "2230"]
[BlackElo "2022"]
[PlyCount "85"]
[EventDate "2015.04.29"]
[EventType "swiss"]
[EventRounds "9"]
[EventCountry "DEN"]
[SourceTitle "CBM 166 Extra"]
[Source "ChessBase"]
[SourceDate "2015.06.18"]
[SourceVersion "1"]
[SourceVersionDate "2015.06.18"]
[SourceQuality "1"]

1. e4 c5 2. c3 g6 3. d4 cxd4 4. cxd4 d5 5. exd5 Nf6 6. Bb5+ Bd7 7. Bc4 Bg7 8. Nc3 0-0 9. Nf3 a6 10. a3 b5 11. Bb3 Bc8 12. Bg5 Bb7 13. 0-0 Nbd7 14. Ne5 Nb6 15. Bxf6 Bxf6 16. Qf3 Bg7 17. Rfd1 e6 18. Nc6 Qd7 19. Rac1 Rac8 20. Qe2 Bxc6 21. dxe6 Qd6 22. d5 Bb7 23. exf7+ Kh8 24. Qe6 Qd8 25. Rd3 Rc5 26. Re1 Bc8 27. Qe8 Bd7 28. Qxd8 Rxd8 29. Ne4 Rcc8 30. Ng5 Bf8 31. Rde3 Kg7 32. h4 h6 33. Ne6+ Bxe6 34. dxe6 Be7 35. g3 Nc4 36. R3e2 Nd2 37. Re3 Nc4 38. Bxc4 Rxc4 39. R1e2 Rcd4 40. Rc2 Rc4 41. Rce2 Rcd4 42. Rc2 Rc4 43. Rce2 1/2-1/2

[Event "DEN-chT 1415 53rd"]
[Site "Denmark"]
[Date "2015.03.07"]
[Round "8.8"]
[White "Rosenkilde, Alexander"]
[Black "Nielsen, Lars Aaes"]
[Result "1-0"]
[WhiteElo "2211"]
[BlackElo "2237"]
[PlyCount "64"]
[EventDate "2014.10.25"]
[EventType "team-tourn"]
[EventRounds "9"]
[EventCountry "DEN"]
[SourceTitle "EXT 2016"]
[Source "ChessBase"]
[SourceDate "2015.10.08"]
[SourceVersion "1"]
[SourceVersionDate "2015.10.08"]
[SourceQuality "1"]
[WhiteTeam "Jetsmark"]
[BlackTeam "Nordkalotten"]
[WhiteTeamCountry "DEN"]
[BlackTeamCountry "DEN"]

1. d4 d5 2. c4 e6 3. Nf3 Nf6 4. g3 c6 5. Bg2 b5 6. cxd5 cxd5 7. Bf4 Nc6 8. 0-0 Be7 9. Nbd2 Qb6 10. Nb3 Bb7 11. Rc1 Rc8 12. Ne5 0-0 13. Qd3 Nxe5 14. Bxe5 b4 15. Nc5 Bc6 16. Rfe1 Bb5 17. Qf3 Nd7 18. Nxd7 Bxd7 19. e4 f6 20. Bf4 e5 21. Rxc8 Bxc8 22. dxe5 fxe5 23. exd5 Bc5 24. Rxe5 Bd4 25. Re7 Bf6 26. d6 Kh8 27. Be5 Bg4 28. Qxg4 Bxe5 29. Qf5 Bf6 30. Re6 Qd8 31. Be4 g6 32. Qd5 Qb6 1-0

[Event "DEN-chT 1415 53rd"]
[Site "Denmark"]
[Date "2015.01.10"]
[Round "4.8"]
[White "Nielsen, Lars Aaes"]
[Black "Junge, Ralf"]
[Result "1-0"]
[WhiteElo "2237"]
[BlackElo "2271"]
[PlyCount "81"]
[EventDate "2014.10.25"]
[EventType "team-tourn"]
[EventRounds "9"]
[EventCountry "DEN"]
[SourceTitle "EXT 2016"]
[Source "ChessBase"]
[SourceDate "2015.10.08"]
[SourceVersion "1"]
[SourceVersionDate "2015.10.08"]
[SourceQuality "1"]
[WhiteTeam "Nordkalotten"]
[BlackTeam "Bronshoj"]
[WhiteTeamCountry "DEN"]
[BlackTeamCountry "DEN"]

1. e4 e5 2. Nf3 Nc6 3. Bb5 a6 4. Bxc6 dxc6 5. 0-0 Qd6 6. d4 exd4 7. Nxd4 Bd7 8. e5 Qg6 9. Nc3 0-0-0 10. Nce2 c5 11. Nf4 Qe4 12. Nf3 Bb5 13. Nd3 c4 14. Qe1 Qf5 15. a4 Bc6 16. Nf4 Bxf3 17. gxf3 g5 18. Ng2 Qxc2 19. Bxg5 Re8 20. Qc1 Qg6 21. Bf4 Qc6 22. Qc2 Bh6 23. Bg3 Ne7 24. Ne3 Bxe3 25. fxe3 Nd5 26. Qe4 Kb8 27. Rfc1 c3 28. bxc3 f5 29. Qd3 Rd8 30. Rd1 Nxc3 31. Qxd8+ Rxd8 32. Rxd8+ Ka7 33. Kf2 Nxa4 34. e6 Qc2+ 35. Kg1 Nc3 36. e7 Ne2+ 37. Kh1 Nxg3+ 38. hxg3 Qf2 39. e8Q Qxf3+ 40. Kh2 Qe2+ 41. Kg1 1-0

[Event "Politiken Cup 36th"]
[Site "Helsingor"]
[Date "2014.07.23"]
[Round "4"]
[White "Boukhris, Yacine"]
[Black "Nielsen, Lars Aaes"]
[Result "1-0"]
[WhiteElo "2073"]
[BlackElo "2257"]
[PlyCount "69"]
[EventDate "2014.07.21"]
[EventType "swiss"]
[EventRounds "10"]
[EventCountry "DEN"]
[SourceTitle "CBM 161 Extra"]
[Source "ChessBase"]
[SourceDate "2014.08.29"]
[SourceVersion "1"]
[SourceVersionDate "2014.08.29"]
[SourceQuality "1"]

1. e4 e6 2. d4 d5 3. Nc3 Nf6 4. Bg5 Bb4 5. e5 h6 6. Be3 Ne4 7. Qg4 Kf8 8. Bd3 Nxc3 9. a3 Na4+ 10. axb4 Nxb2 11. Be2 Nc4 12. Nf3 b5 13. 0-0 Nc6 14. c3 Ne7 15. Nd2 Nf5 16. Nxc4 bxc4 17. Ra5 a6 18. Qf3 Rb8 19. g4 Ne7 20. Qg3 Kg8 21. f4 c6 22. Bd1 Rb5 23. Ra2 a5 24. Ba4 Rb7 25. Bc2 axb4 26. Ra8 b3 27. Bb1 Qc7 28. f5 Ra7 29. Rxa7 Qxa7 30. f6 Ng6 31. Bxg6 fxg6 32. f7+ Kf8 33. Qh4 Qe7 34. Qxe7+ Kxe7 35. Bc1 1-0